00500nam a2200169 i 4500001000300000100001900003245005100022260002100073040000800094041000800102080000800110942000700118008004100125999001700166856009800183952004900281bg1 aBURBIDGE, John 0aZasady organizacji produkcji /cJohn Burbidge. aWarszawa,c1966. cBPK apol a658 cKS s pl f |000 0 pol  c15894d15894 uhttp://koha.tu.koszalin.pl/cgi-bin/koha/opac-detail.pl?biblionumber=15894yKatalog online BPK 00104070aBPKbBPKcwo19283p01372021yKS